000 00606nam a22001937a 4500
999 _c13517
_d13517
003 AR-CdUCM
008 190415b ||||| |||| 00| 0 spa d
040 _aMUNICIPALIDAD PROVINCIAL DEL CUSCO
_cBIBLIOTECA MUNICIPAL DEL CUSCO
082 _aES / 373.808 /
_bH52
245 _aLa hija del rey dragon /
260 _aBeijing :
_bEdiciones en lenguas extranjeras,
_c1980.
300 _a110 paginas ;
_bilustraciones,
_c22 cm.
500 _aCuentos de la dinastia tang
650 _aCuentos
_9217
650 _aHistoria
_9136
650 _aLiteratura
_983
942 _2ddc
_cLIBROS
945 _apjha
_d2019-04-15